Statistics for Protestant/Orthodox Countries Quiz

Click here to take the quiz!

General Stats

  • This quiz has been taken 85 times
  • The average score is 11 of 20

Answer Stats

%Country% Correct
97Greece
84%
94Romania
80%
83Bulgaria
79%
79Serbia
79%
81Finland
77%
80Denmark
76%
84Norway
74%
93Moldova
67%
95Armenia
64%
93Iceland
61%
88Georgia
57%
72Montenegro
56%
75Cyprus
49%
75South Africa
39%
76Namibia
31%
70Barbados
23%
77Zimbabwe
23%
72Zambia
21%
86Liberia
13%
70Papua
New Guinea
6%

Score Distribution

Percentile by Number Answered

Percent of People with Each Score

Your Score History

You have not taken this quiz